000 01199cam a22002894a 4500
999 _c128507
_d128507
001 12647877
003 ARRUPE
005 20181102142435.0
008 020117s2002 mau b 001 0 eng
010 _a 2002017186
020 _a0674007697 (alk. paper)
040 _aDLC
_cDLC
_dDLC
042 _apcc
043 _ae-gx---
050 0 0 _aB2745
_b.B47 2002
082 0 0 _a141/.0943/09033
_221
100 1 _aBeiser, Frederick C.,
_d1949-
_96655
245 1 0 _aGerman idealism :
_bthe struggle against subjectivism, 1781-1801
_cFrederick C. Beiser
260 _aCambridge, Mass. :
_bHarvard University Press,
_c2002.
300 _axvi, 726 p. ;
_c24 cm.
504 _aIncludes bibliographical references (p. 695-720) and index.
650 0 _aIdealism, German
_xHistory
_y18th century.
_943271
650 0 _aSubjectivity
_xHistory
_y18th century.
_943272
650 0 _aPhilosophy, German
_y18th century.
_91663
906 _a7
_bcbc
_corignew
_d1
_eocip
_f20
_gy-gencatlg
942 _2lcc
_cMONOGRAPH